000
00212nam a2200097Ia 4500
008
170627s9999 xx 000 0 und d
100
_a
MITHANI-M
245
0
_a
MANAGERIAL ECONOMICS
260
_b
HIMALAYA
260
_c
2010
546
_a
ENGLISH
999
_c
35851
_d
35851